España en el mundo: discursos de s. m. el rey, 1976-1979
محفوظ في:
| التنسيق: | كتاب |
|---|---|
| اللغة: | الإسبانية |
| منشور في: |
Madrid
Oficina de Información Diplomática
1979
|
| الموضوعات: | |
| الوسوم: |
إضافة وسم
لا توجد وسوم, كن أول من يضع وسما على هذه التسجيلة!
|
MARC
| LEADER | 00000nam a2200000 a 4500 | ||
|---|---|---|---|
| 001 | UCP8919 | ||
| 003 | CL-VaPUC | ||
| 008 | 000317e19790000SP |||||||||||||||||spa|d | ||
| 082 | 0 | 4 | |a 866 |b ESP |2 21 |
| 245 | 1 | 0 | |a España en el mundo: discursos de s. m. el rey, 1976-1979 |
| 300 | |a 456 p | ||
| 942 | |c BK | ||
| 945 | |d 20000317 00:00:00 |a crobeson | ||
| 260 | |a Madrid |b Oficina de Información Diplomática |c 1979 | ||
| 650 | 7 | |a DISCURSOS ESPAÑOLES |2 CL-VaPUC |9 321290 | |
| 650 | 0 | |a Discursos políticos |9 373524 | |
| 583 | |a last modification |c 20000317 00:00:00 |k Rodrigo Vera | ||
| 999 | |c 285779 |d 285777 | ||
| 952 | |0 0 |1 0 |4 0 |6 866_000000000000000_ESP_1979 |7 0 |8 A |9 330558 |a BIBHIS |b BIBHIS |d 2019-11-20 |i 1391658 |o 866 ESP 1979 |p 1391658 |r 2025-01-20 |w 2019-11-20 |y BK |k HIS | ||